Statistics for All 1M Cities Starting with “S” to Country

Click here to take the quiz!

General Stats

  • This quiz has been taken 159 times
  • The average score is 47 of 54

Answer Stats

CityCountry% Correct
Saint PetersburgRussia
100%
Saint LouisUnited States
99%
ShanghaiChina
98%
SingaporeSingapore
98%
SeoulSouth Korea
98%
StockholmSweden
98%
SacramentoUnited States
98%
Salt Lake CityUnited States
98%
San DiegoUnited States
98%
San FranciscoUnited States
98%
SeattleUnited States
98%
São PauloBrazil
97%
San AntonioUnited States
97%
SydneyAustralia
96%
SofiaBulgaria
96%
SevilleSpain
96%
SheffieldUnited Kingdom
96%
SantiagoChile
95%
SuzhouChina
95%
ShijiazhuangChina
95%
ShenyangChina
95%
ShaoyangChina
95%
San SalvadorEl Salvador
95%
StuttgartGermany
95%
ShizuokaJapan
95%
SouthamptonUnited Kingdom
95%
ShantouChina
93%
Santo DomingoDominican Republic
93%
San JuanUnited States (Puerto Rico)
93%
San JoséCosta Rica
92%
SaratovRussia
92%
SapporoJapan
91%
Sana'aYemen
89%
SalvadorBrazil
88%
SurabayaIndonesia
88%
SurakartaIndonesia
88%
StocktonUnited States
88%
São LuísBrazil
87%
SrinagarIndia
83%
ShirazIran
83%
SolapurIndia
80%
SemarangIndonesia
80%
San Luis PotosíMexico
79%
SerangIndonesia
78%
SuratIndia
75%
SuqianChina
73%
SendaiJapan
73%
SantosBrazil
72%
SamaraRussia
67%
San Miguel de
Tucumán
Argentina
66%
Santa CruzBolivia
65%
San Pedro SulaHonduras
54%
SousseTunisia
48%
SalemIndia
47%

Score Distribution

Percentile by Number Answered

Percent of People with Each Score

Your Score History

You have not taken this quiz